LEADER 00841nam0-2200301 --450 001 9910832198803321 005 20240304110648.0 010 $a978-88-6242-305-2 020 $aIT$b2019-749 100 $a20240304d2018----kmuy0itay5050 ba 101 0 $aita 102 $aIT 105 $a 001yy 200 1 $a<>casa on/off$espazi dell'abitare produttivo$fPaola Misino 210 $aSiracusa$cLetteraVentidue$d2018 215 $a77 p.$cill.$d18 cm 225 1 $aCompresse$v32 610 0 $aAbitazioni$aSpazi interni$aProgettazione 676 $a747.7$v23 700 1$aMisino,$bPaola 801 0$aIT$bUNINA$gREICAT$2UNIMARC 901 $aBK 912 $a9910832198803321 952 $aA 788 CAN$b26/2024$fDARPU 952 $aA 789 CAN$b27/2024$fDARPU 952 $aA 790 CAN$b28/2024$fDARPU 959 $aDARPU 997 $aUNINA